Most Popular Metal Bands by Spotify Listeners - Statistics

General Stats
  • This quiz has been taken 346 times
  • The average score is 16 of 42
Answer Stats
Listeners (millions) Answer % Correct
18.7 Metallica
97%
8.4 Slipknot
77%
8.9 Black Sabbath
75%
3.6 Megadeth
73%
7.1 Iron Maiden
72%
6.5 Korn
70%
22.0 Linkin Park
65%
22.8 AC/DC
62%
10.5 System of a Down
60%
3.5 Judas Priest
55%
8.3 Limp Bizkit
55%
21.2 Guns N Roses
53%
3.9 Pantera
49%
6.9 Rammstein
46%
6.4 Motley Crue
41%
3.9 Motorhead
41%
8.8 Disturbed
39%
11.0 KISS
38%
6.1 Avenged Sevenfold
37%
3.4 Deftones
36%
7.7 Rage Against the Machine
34%
8.1 Bring Me The Horizon
33%
5.3 Alice in Chains
31%
6.7 Deep Purple
31%
6.0 Def Leppard
31%
5.7 Five Finger Death Punch
30%
3.3 Tool
29%
10.4 Scorpions
28%
10.4 Van Halen
28%
16.4 Aerosmith
27%
3.8 Bullet For My Valentine
25%
4.4 Alice Cooper
20%
5.6 Marilyn Manson
17%
10.0 Papa Roach
17%
5.6 Whitesnake
14%
3.3 Nine Inch Nails
12%
3.8 Twisted Sister
12%
3.3 Faith No More
10%
4.0 Godsmack
10%
4.5 Volbeat
7%
3.0 P.O.D
6%
3.2 Alien Ant Farm
2%
No matching quizzes found
Score Distribution
Percent of People with Each Score
Percentile by Number Answered
Your Score History
You have not taken this quiz